| 000 | 00844nmc a2200289 a 4500 | ||
|---|---|---|---|
| 003 | AR-BaBNM | ||
| 005 | 20251128205645.0 | ||
| 008 | 248119s1996 ||||||||||||||000 | spa|| | ||
| 020 | _a84-493-0267-6 | ||
| 040 | _cAR-BaBNM | ||
| 100 | 1 | _aSpock, Benjamin M. | |
| 245 | 1 | 0 |
_aUn mundo mejor para nuestros hijos _bnuevos valores para los niños de hoy |
| 260 |
_aBarcelona _bPaidós _c1996 |
||
| 300 | 0 | _a158 p. | |
| 490 | 0 |
_aGuías para padres _vv. 22 |
|
| 610 | 2 | 4 | _aBaby and Child Care |
| 650 | 4 | _aEDUCACION DE LA PRIMERA INFANCIA | |
| 650 | 4 | _aPAPEL DE LA FAMILIA | |
| 650 | 4 | _aRELACION PADRES-HIJOS | |
| 651 | 4 | _aEstados Unidos | |
| 653 | 0 | _aEDUCACION EN VALORES | |
| 653 | 0 | _aFORMACION ETICA Y CIUDADANA | |
| 653 | 0 | _aTEMAS TRANSVERSALES | |
| 700 | 1 |
_aSánchez Millet, Alicia _etraductor |
|
| 942 | _cBK | ||
| 998 | _carturo | ||
| 999 |
_c12269 _d12269 |
||